Multibagger stocks : how to multiply wealth in the share market (Record no. 57277)
[ view plain ]
| 000 -LEADER | |
|---|---|
| fixed length control field | 00600nam a2200205Ia 4500 |
| 005 - DATE AND TIME OF LATEST TRANSACTION | |
| control field | 20260629163254.0 |
| 008 - FIXED-LENGTH DATA ELEMENTS--GENERAL INFORMATION | |
| fixed length control field | 260629s9999||||xx |||||||||||||| ||und|| |
| 020 ## - INTERNATIONAL STANDARD BOOK NUMBER | |
| International Standard Book Number | 9780143456476 |
| Qualifying information | pbk |
| 082 ## - DEWEY DECIMAL CLASSIFICATION NUMBER | |
| Classification number | 332.6322 |
| Item number | PAU |
| 100 ## - MAIN ENTRY--PERSONAL NAME | |
| Personal name | Paul, Prasenjit |
| 245 #0 - TITLE STATEMENT | |
| Title | Multibagger stocks : how to multiply wealth in the share market |
| 260 ## - PUBLICATION, DISTRIBUTION, ETC. | |
| Place of publication, distribution, etc. | Gurugram |
| Name of publisher, distributor, etc. | Penguin Random House India |
| Date of publication, distribution, etc. | 2023 |
| 300 ## - PHYSICAL DESCRIPTION | |
| Extent | xvi, 182p. ; 20cm. |
| 653 ## - INDEX TERM--UNCONTROLLED | |
| Uncontrolled term | Investment analysis |
| 653 ## - INDEX TERM--UNCONTROLLED | |
| Uncontrolled term | Portfolio management |
| 653 ## - INDEX TERM--UNCONTROLLED | |
| Uncontrolled term | Stock market—India |
| 653 ## - INDEX TERM--UNCONTROLLED | |
| Uncontrolled term | Stock trading |
| 653 ## - INDEX TERM--UNCONTROLLED | |
| Uncontrolled term | Value investing |
| 942 ## - ADDED ENTRY ELEMENTS (KOHA) | |
| Koha item type | Book |
| Withdrawn status | Lost status | Damaged status | Not for loan | Home library | Current library | Shelving location | Date acquired | Source of acquisition | Total Checkouts | Full call number | Barcode | Date last seen | Price effective from | Koha item type |
|---|---|---|---|---|---|---|---|---|---|---|---|---|---|---|
| LRC, IIT Indore | LRC, IIT Indore | 3rd Floor - General Stack | 29/06/2026 | Gratis Book Price: INR 299.00 | 332.6322 PAU | G2502 | 29/06/2026 | 29/06/2026 | Book |
